00469 2200181 4500001002100000005001500021008004100036020002200077035001900099041000700118082000800125090001400133100001800147245002800165260004300193300001900236650003200255INLIS00000000001177620241224114237241224||||||||| | ||| |||| || |  a978-979-656-564-9 0010-1224011776 aid0 a190 a190 AHM p0 aAhmad Suhelmi00aPEMIKIRAN POLITIK BARAT aJakartabGranmedia Pustaka Utamac2007 a408hlm;15x23cm 0aIlmu Filsafat dan Psikologi